| 000 | 00000nam##2200000za#4500 |
| 001 | 9.604051 |
| 003 | CaOODSP |
| 005 | 20210624211359 |
| 007 | cr ||||||||||| |
| 008 | 150406|2004||||xxc|||||o f|0| 0 fre|d |
| 022 | |a1488-545X |
| 040 | |aCaOODSP|bfre |
| 043 | |an-cn--- |
| 086 | 1 |aFs97-6/2559F-PDF |
| 110 | 1 |aCanada. |bMinistère des pêches et des océans. |
| 245 | 10|aCaractérisation environnementale d'un site mytilicole expérimental dans la baie de Plaisance, Îles-de-la-Madeleine (Québec) / |h[ressource électronique]|c[par] G. Tita ... [et al.]. |
| 260 | |aQuébec - Québec : |bPêches et Océans Canada |cc2004. |
| 300 | |a25p.|bfigures, graphiques, références, tableaux |
| 490 | 1 |aRapport technique canadien des sciences halieutiques et aquatiques|x1488-545X|vN° 2559 |
| 500 | |aLe n° de catalogue (Fs97-6/2559F) de l'édition imprimée s été incorrectement copié dans cette édition électronique. |
| 546 | |a(Abstract in English) |
| 590 | |a12-24-Supp|b2012-05-30 |
| 720 | 1 |aTita, G. |
| 776 | 0#|tCaractérisation environnementale d'un site mytilicole expérimental dans la baie de Plaisance, Îles-de-la-Madeleine (Québec) / |w(CaOODSP)9.626949 |
| 830 | #0|aRapport technique canadien des sciences halieutiques et aquatiques,|x1488-545X|vN° 2559|w(CaOODSP)9.500867 |
| 856 | 40|ahttp://publications.gc.ca|qPDF|s695 Ko|uhttps://publications.gc.ca/collections/collection_2012/mpo-dfo/Fs97-6-2559-fra.pdf|yN° 2559 |